MDQL
is popping MORE tags! Check the
thread
!
Quizzes
Events
Quiz Creation
Community
Videos
Private Events
Remove Ads
Sign In
Join for FREE
Feedback
Dark Mode
Quiz Categories
Sports
Geography
Music
Movies
Television
Just For Fun
Miscellaneous
History
Literature
Language
Science
Gaming
Entertainment
Religion
Holiday
For Kids
Quiz Lab
Recent
Popular Today
Quiz Kudos Today
Editor Picks
Curator Picks
Quizzes by...
Day
Popularity
Type
Ratings
Length
Year
Community
Subscriptions
Recent Discussions
Orange Saloon
Badges
Playlists
Quests
Create
Leaderboards
Showdown
Live 5
Trivia Bingo
Activity
Puzzle Library
Sporcle Events
Private Events
Virtual Trivia
Globe League
Become a Host
Pub Owners
SporcleCon
Opinionation
Our Games
Videos
Blog
Mobile Apps
Partnerships
Remove Ads and Go Orange
Feedback
Sports
Athletes
MLB
NBA
NHL
NFL
Soccer
Sports Teams
WWE
NCAA
Football
Premier League
Basketball
Baseball
Hockey
Golf
Tennis
Cricket
Rugby
Auto Racing
Olympics
World Cup
Sports
Athletes
MLB
NBA
NHL
NFL
Soccer
Sports Teams
WWE
NCAA
Football
Premier League
Basketball
Baseball
Hockey
Golf
Tennis
Cricket
Rugby
Auto Racing
Olympics
World Cup
Random Quiz
Search Sporcle
×
Quiz Lab
Quiz Lab
Sports
MLB
Type in answers that appear in a list
Type in answers that appear in a list
Classic
Best Score? Go Orange.
Any MLB Team besides the Athletics Stats
Can you name any team [besides the Athletics] that...?
By
sathyamc
2m
22 Questions
300 Plays
300 Plays
300 Plays
Comments
Comments
Give Quiz Kudos
Give Quiz Kudos
-
- Ratings
hide this ad
Replay
Link that replays current quiz
Next Quiz
Link to next quiz in quiz playlist
You Got
0%
They Got
Avg Score
90%
Avg Friend Score
Upgrade to see
Score Distribution
Jump to the score distribution portion of the page
Score
0/22
Timer
02:00
0
Plays Today
Hint
Answer
% Correct
Is located in California
Los Angeles Angels
99%
Word in Name starts with 'A'
Los Angeles Angels
99%
Has crosstown Rivalry
Los Angeles Angels
99%
Stadium Named after city or Team
Los Angeles Angels
99%
Is located in California
Los Angeles Dodgers
98.3%
Word in Name starts with 'A'
Los Angeles Dodgers
98.3%
Has crosstown Rivalry
Los Angeles Dodgers
98.3%
Stadium Named after city or Team
Los Angeles Dodgers
98.3%
Is located in California
San Francisco Giants
97.3%
Has crosstown Rivalry
San Francisco Giants
97.3%
Is located in California
San Diego Padres
96.6%
Hint
Answer
% Correct
Has crosstown Rivalry
New York Yankees
96.3%
Stadium Named after city or Team
New York Yankees
96.3%
Has crosstown Rivalry
New York Mets
94.6%
Has crosstown Rivalry
Chicago Cubs
92.5%
Has crosstown Rivalry
Chicago White Sox
91.9%
Word in Name starts with 'A'
Atlanta Braves
84.4%
Word in Name starts with 'A'
Houston Astros
83.7%
Word in Name starts with 'A'
Arizona Diamondbacks
76.9%
Stadium Named after city or Team
Miami Marlins
71.2%
Stadium Named after city or Team
Washington Nationals
59.3%
Stadium Named after city or Team
Baltimore Orioles
58.5%
Quiz Playlist
Details
Report
Send in Message
Add To Playlist
Classic:
Type in answers that appear in a list
Last Updated: Sep 2, 2017
Quiz Scoreboard
CHALLENGE
Sign Up to Join the Scoreboard
Show All
Scores
Hide
Comments
May contain spoilers
Recently Published
Image Sorting: Flags VI
by Barbecue
Geography
2m
Find the 'City' Movie
by crazypaving
Movies
60s
Colored Red Africa Blitz
by spor1
Geography
45s
More to Explore
Quiz From the Vault
Featured Blog Post
14 Easter Pick-up Lines to Find Eggs With
hide this ad
You Might Also Like...
Tags
MLB Quiz
beside
team
Today's Top Quizzes in Sports
Browse Sports
hide this ad
Today's Top Quizzes in MLB
Browse MLB
Top Contributed Quizzes in Sports
1
Les meilleurs buteurs des matchs entre le PSG et l’OM
2
Les entraîneurs de l'OM et du PSG au 21e siècle
3
Les joueurs passés par le PSG et l'OM
4
2022 World Cup Stars
5
Players with Multiple 50 Home Run Seasons
6
Criteria MLB: Left Handed Sluggers
7
MLB Players with Two .350 Batting Average Seasons
8
Les joueurs passés par le LOSC et le RC Lens
9
NBA Logic Puzzle 2.0
10
Top 10 NHL Goal Scorers of All Time
Explore More
Trending Topics
Harry Potter
NBA
Anime
Crossword
Kpop
Disney
Marvel
WWE
The Office
Country
Puzzle
NFL
Soccer
Song
Pokémon
hide this ad
More By:
sathyamc
Quiz
Plays
Rating
Category
Featured
Created
Any NFL Team Besides the Patriots
104,852
4.47
Sports
Sep 7, 2017
Any NFL Team Besides the 49ers
99,692
4.62
Sports
Sep 13, 2017
Any NFL Team Besides the Bears
66,084
4.41
Sports
Oct 15, 2017
Any NFL Team Besides the Raiders
58,408
4.17
Sports
Sep 8, 2017
Any NFL Team Besides the Broncos
55,940
4.74
Sports
Nov 13, 2017
Go to Creator's Profile
Score Distribution
Quiz Creator Spotlight
sathyamc
Follow
Send a Message
Quizzes Created
-
Created Quiz Play Count
-
More By This Creator
Popular Quizzes Today
1
Colored Red Africa Blitz
2
Find the US States - No Outlines Minefield
3
Find the 'City' Movie
4
5x2 Blitz: Bands
5
The Countries of the World
6
Find the US States
7
Find the Countries of Europe - No Outlines Minefield
8
US States
More Sports Quizzes
Soccer Passports VIII
Quiz Lab
Trending Quizzes
Colored Red Europe Blitz I
Colored Red Europe Blitz II
Colored Red Africa Blitz II
Colored Red Europe Blitz III
Colored Red Africa Blitz III
Recently Updated
How Do You Spell That?
pecheneg
Godzilla Movies
pecheneg
Grab Bag: 4-10 Letters
pecheneg
2024 March Madness Bracket
pecheneg
Famous TV Couples
Peacemaker
Champions League XIs: Real Madrid
pecheneg
Largest US Cities 1790-2010
pecheneg
Rides in Walt Disney World
pecheneg
Most Oscar Losses (Acting)
pecheneg
Beyoncé Albums
pecheneg
Trending Topics
NBA
Anime
Crossword
Harry Potter
Disney
Marvel
Kpop
Puzzle
NFL
WWE
Country
The Office
Soccer
Pokémon
Song
Your Account Isn't Verified!
In order to create a playlist on Sporcle, you need to verify the email address you used during registration. Go to your
Sporcle Settings
to finish the process.
Report this User
Report this user for behavior that violates our
Community Guidelines
.
Details:
Send Report
Go to the Sporcle.com Mobile Site →
Comments